<?xml version="1.0" encoding="UTF-8"?>
<record
    xmlns:xsi="http://www.w3.org/2001/XMLSchema-instance"
    xsi:schemaLocation="http://www.loc.gov/MARC21/slim http://www.loc.gov/standards/marcxml/schema/MARC21slim.xsd"
    xmlns="http://www.loc.gov/MARC21/slim">

  <leader>01174nam a22001577a 4500</leader>
  <datafield tag="999" ind1=" " ind2=" ">
    <subfield code="c">518412</subfield>
    <subfield code="d">518412</subfield>
  </datafield>
  <controlfield tag="008">210922b           ||||| |||| 00| 0 eng d</controlfield>
  <datafield tag="100" ind1=" " ind2=" ">
    <subfield code="a">Basshuysen, Philippe Van </subfield>
    <subfield code="9">29438</subfield>
  </datafield>
  <datafield tag="245" ind1=" " ind2=" ">
    <subfield code="a">How to build an institution</subfield>
  </datafield>
  <datafield tag="260" ind1=" " ind2=" ">
    <subfield code="a">Philosophy of the Social Sciences  </subfield>
  </datafield>
  <datafield tag="300" ind1=" " ind2=" ">
    <subfield code="a">51(2), Mar, 2021: 215-238</subfield>
  </datafield>
  <datafield tag="520" ind1=" " ind2=" ">
    <subfield code="a">How should institutions be designed that &#x201C;work&#x201D; in bringing about desirable social outcomes? I study a case of successful institutional design&#x2014;the redesign of the National Resident Matching Program&#x2014;and argue that economists assume three roles when designing an institution, each of which complements the other two: first, the designer combines positive and normative modeling to formalize policy goals and to design possible mechanisms for bringing them about. Second, the engineer refines the design by conducting experiments and computational analyses. Third, the plumber implements the design in the real world and mends it as needed. &#x2013; Reproduced </subfield>
  </datafield>
  <datafield tag="650" ind1=" " ind2=" ">
    <subfield code="a">Economic design, Engineering, Plumbing, Normative modeling, Algorithmic bias</subfield>
    <subfield code="9">27525</subfield>
  </datafield>
  <datafield tag="773" ind1=" " ind2=" ">
    <subfield code="a">Philosophy of the Social Sciences </subfield>
  </datafield>
  <datafield tag="906" ind1=" " ind2=" ">
    <subfield code="a">INSTITUTIONS</subfield>
  </datafield>
  <datafield tag="942" ind1=" " ind2=" ">
    <subfield code="c">AR</subfield>
  </datafield>
  <datafield tag="952" ind1=" " ind2=" ">
    <subfield code="0">0</subfield>
    <subfield code="1">0</subfield>
    <subfield code="2">ddc</subfield>
    <subfield code="4">0</subfield>
    <subfield code="7">0</subfield>
    <subfield code="9">392492</subfield>
    <subfield code="a">IIPA</subfield>
    <subfield code="b">IIPA</subfield>
    <subfield code="d">2021-09-22</subfield>
    <subfield code="h">51(2), Mar, 2021: 215-238</subfield>
    <subfield code="p">AR125560</subfield>
    <subfield code="r">2021-09-22</subfield>
    <subfield code="y">AR</subfield>
  </datafield>
</record>
